000 00565nam a22001817a 4500
008 130821s1932 fr gr fre
040 _aCo-BoUCM
_bspa
041 0 0 _afre
100 1 _aValéry, Paul
_d1871-1945
_9109854
245 1 0 _aMoralités
_cPaul Valéry
260 _aParís (Francia)
_bLibrairie Gallimard
_c1932
300 _a161 páginas
650 0 4 _aEnsayos franceses
_914564
650 0 4 _aLiteratura europea
_926524
650 0 4 _aLiteratura francesa
_97794
942 _cLIBRO
_a18
_e1
_mV15M
_n0
_2DEWEY
_h844.8
999 _c86191
_d86191